Crain's Chicago business

Bibliographic Details
Format: Electronic Newspaper
Language:English
Published: Chicago, Ill. : Crain Communications Inc.
Subjects:
Online Access:Full text available from Research Library: 09/09/1996 to present

MARC

LEADER 00000nas a22000007a 4500
001 ssj0005187
003 WaSeSS
005 20200512172242.0
006 m d
007 cr n
008 991124c19789999iluwr nss 0 a0eng c
010 |a  2005212410 
022 |a 1557-7902  |l 0149-6956  |y 0149-6956 
035 |a (WaSeSS)ssj0005187 
037 |b Circulation Dept., Crain's Chicago Business, 740 Rush St., Chicago, IL 60611 
040 |a UV$  |b eng  |c UV$  |d OCLCQ  |d NSD  |d CUS  |d AZU  |d NSD  |d LGG  |d OCLCQ  |d NTE  |d OCLCQ  |d VT2  |d OCLCO  |d OCLCF  |d OCLCO  |d OCLCQ  |d UAB  |d WaSeSS 
042 |a nsdp  |a pcc 
043 |a n-us-il 
050 4 |a HC107.I3  |b C732 
082 1 0 |a 338  |2 13 
130 0 |a Crain's Chicago business (Online) 
222 0 |a Crain's Chicago business  |b (Online) 
245 1 0 |a Crain's Chicago business  |h [electronic resource]. 
260 |a Chicago, Ill. :  |b Crain Communications Inc. 
310 |a Weekly 
362 0 |a Vol. 1, no. 1 (June 5, 1978)- 
506 |a License restrictions may limit access. 
538 |a Mode of access: World Wide Web. 
588 |a Description based on web page information screen (viewed June 18, 2001). 
588 |a Latest issue consulted: Sept. 6, 2005 (viewed chicagobusiness website, Sept. 6, 2005). 
650 0 |a Business  |v Newspapers. 
650 7 |a Business.  |2 fast  |0 (OCoLC)fst00842262 
651 0 |a Chicago (Ill.)  |v Newspapers. 
651 7 |a Illinois  |z Chicago.  |2 fast  |0 (OCoLC)fst01204048 
655 0 |a Electronic journals. 
776 1 |t Crain's Chicago business  |h microfiche  |x 0149-6956  |w (OCoLC)28998298 
776 1 |t Crain's Chicago business  |h microfilm  |w (OCoLC)9022601 
776 1 |t Crain's Chicago business  |x 0149-6956  |w (DLC)sc 85007178  |w (OCoLC)3535526 
776 1 |t Crain's Chicago business  |h microfilm  |w (OCoLC)25541250 
776 1 |t Crin's Chicago business  |h microfilm  |x 0149-6956  |w (DLC)sf 86091184  |w (OCoLC)14087239 
856 4 0 |z Full text available from Research Library: 09/09/1996 to present  |u https://search.proquest.com/publication/6750